Famous Origins - Statistics

General Stats
  • This quiz has been taken 57 times
  • The average score is 15 of 18
Answer Stats
Hint Answer % Correct
Charles DarwinWinston Churchill Horatio Nelson United Kingdom
100%
Victor HugoCharles de Gualle
Napoleon Bonaparte
France
96%
Karl MarxLudwig Beethoven Johannes Gutenberg Germany
96%
Christopher ColumbusBenito Mussolini Dante Italy
96%
Genghis KhanKublai Khan Dagvadorj Dolgorsuren Mongolia
96%
Chiang Kai-ShekMao Zedong Sun Tzu China
92%
Shohei OhtaniAkira Kurosawa
Hirohito
Japan
92%
PelePedro I Tarsila do Amaral Brazil
88%
Anne FrankVincent Van Gogh Rembrandt Netherlands
88%
Henry FordMark Twain Norman Rockwell United States
88%
Wolfgang MozartSigmund Freud Gustav Klimt Austria
83%
B.R. AmbedkarJawaharlal Nehru
Indira Gandhi
India
83%
Marie CurieFrederic Chopin Pope John Paul II Poland
79%
Francisco FrancoSalvador Dali Hernan Cortes Spain
79%
Frida KahloFrancisco Villa Amado Nervo Mexico
71%
Lon NolSinn Sisamouth Pol Pot Cambodia
67%
Faud IGamal Abdul Nasser Omar Sharif Egypt
63%
Apollo Milton OboteCharles Lwanga
Idi Amin
Uganda
58%
No matching quizzes found
Score Distribution
Percent of People with Each Score
Percentile by Number Answered
Your Score History
You have not taken this quiz